BUSINESS ANALYTICS AN APPLICATION FOCUS (Record no. 29337)
[ view plain ]
| 000 -LEADER | |
|---|---|
| fixed length control field | 00351nam a2200133Ia 4500 |
| 008 - FIXED-LENGTH DATA ELEMENTS--GENERAL INFORMATION | |
| fixed length control field | 240624s9999 xx 000 0 und d |
| 041 ## - LANGUAGE CODE | |
| Language code of text/sound track or separate title | eng |
| 082 ## - DEWEY DECIMAL CLASSIFICATION NUMBER | |
| Classification number | 658.487 RAO |
| 100 ## - MAIN ENTRY--PERSONAL NAME | |
| Personal name | RAO PURBA HALADY |
| 245 ## - TITLE STATEMENT | |
| Title | BUSINESS ANALYTICS AN APPLICATION FOCUS |
| 260 ## - PUBLICATION, DISTRIBUTION, ETC. | |
| Date of publication, distribution, etc. | 2017 |
| Place of publication, distribution, etc. | New Delhi |
| Name of publisher, distributor, etc. | Prentice Hall of India |
| 300 ## - PHYSICAL DESCRIPTION | |
| Extent | 238 p.; 28 cm. |
| 365 ## - TRADE PRICE | |
| Currency code | RS |
| Withdrawn status | Lost status | Damaged status | Not for loan | Home library | Current library | Shelving location | Date acquired | Cost, normal purchase price | Full call number | Barcode | Date last seen | Price effective from | Koha item type |
|---|---|---|---|---|---|---|---|---|---|---|---|---|---|
| IMTN | IMTN | Rack 33-A | 09/26/2017 | 204.00 | 658.487 RAO | 29337 | 06/24/2024 | 06/24/2024 | Books |